00405nam a2200157Ia 45000010006000000050017000060080041000230410008000640820015000721000037000872450070001242600009001943000028002036500008002316540008002391483020260306164943.0260306t1997||||xx |||||||||||||| ||spa|| aESP a519.4bS21 aSangiacomo Carazas, ÁngeleAUT 0aAnálisis numérico 1:by métodos del análisis con software c1997 a313 páginas :c313 p. aGEN aCMA